=LDR 00000nam 2200000 4500 =001 INLIS000000000012711 =005 20130612104215 =008 ***********************************Ind** =035 ##$$0010-061300000012711 =041 ##$$a Ind =082 ##$$a 614.44 =090 ##$$a 614.44, Mar i =100 ##$$a Markam, A.H =245 ##$$a Imunisasi =260 ##$$a 1987 $b Jakarta =300 ##$$a xi, 73 hlm., Ilus, 24 cm =650 ##$$a Imunisasi =850 ##$$a NBPNMAT